| 000 | 007090000a22002050004500 | ||
|---|---|---|---|
| 003 | LK-CoMWRAF | ||
| 005 | 20231106155415.0 | ||
| 008 | 230817t2004 ||||| |||| 00| 0 eng d | ||
| 020 | _a812061335X | ||
| 040 |
_aLK-CoMWRAF _dLK-CoMWRAF _eLK-CoMWRAF |
||
| 041 | _aeng | ||
| 082 |
_a954.93 _bTWE |
||
| 245 |
_aTwentieth Century Impressions of Ceylon: _b its history, people, commerce, industries, and resources |
||
| 260 |
_aNew Delhi: _bAsian educational services _c2004 |
||
| 300 | _a916 p. : ill., maps ; 29 cm. | ||
| 650 | _aSRI LANKA-History | ||
| 700 |
_aWright,, Arnold _eed. |
||
| 856 | _uhttps://defonseka.com/wp-content/uploads/2022/07/20th-Century-Impressions-of-Ceylon-compressed.pdf | ||
| 942 | _cBK | ||
| 999 |
_c875 _d875 |
||